000 00575nam a2200169 i 4500
001 80104
003 ES-MaACL
007 t|
008 041026s1918 xxu ||||1| eng d
100 1 _aHirschfelder, Arthur Douglass.
_963813
245 1 0 _aDiseases of the heart and aorta /
_cby Arthur Douglass Hirschfelder ; with an introductory note by Lewellys F. Barker.
250 _a3rd ed.
260 _aPhiladelphia :
_bJ.B. Lippincott Company,
_c[1918]
300 _aXXVI, 732 p., 17 lám. :
_bil. ;
_c24 cm.
700 1 _aBarker, Lewellys F.
_925678
852 _aES-MaACL
_jE-597
999 _c80104
_d80104